| 000 | 00869nam a2200277 c 4500 | ||
|---|---|---|---|
| 003 | BLK | ||
| 005 | 20180420221327.0 | ||
| 008 | 180408b bul|||||r ||||||| ||bul|| | ||
| 010 | _aKNG00045195000 | ||
| 020 |
_a0-7509-0994-3 _bиздат.: Alan Sutton |
||
| 040 | _aBLK | ||
| 041 |
_aENG _cENG |
||
| 080 |
_aАнглийска литература _b821.111 _x-34 _z821.111-34 |
||
| 100 | 1 |
_aDunning, Robert William _eпърви автор _99139 |
|
| 139 |
_aDunning, Robert William _bD 90 |
||
| 245 | 1 | 0 |
_aArthur _bThe king in the west _cRobert William Dunning. |
| 257 | _aUSA | ||
| 260 |
_аStroud ; New York _bAlan Sutton _bSt. Martin's Press _c1990 |
||
| 300 |
_a164 c. _bс ил. _c25 см |
||
| 380 | _aX | ||
| 852 | _aЦб 202677 | ||
| 856 | 4 |
_qpdf _u |
|
| 856 | 4 |
_qpdf _u |
|
| 942 |
_cKNG _n0 |
||
| 944 |
_aCR _c01.01.1999 _kТеодора_Стоянова |
||
| 944 |
_aED _c23.03.2007 _k |
||
| 999 |
_c41619 _d41619 |
||